|
|
|
|
| LEADER |
00000nab a2200000 a 4500 |
| 001 |
vtls008943820 |
| 003 |
SK-MaSNL |
| 005 |
20260303070926.0 |
| 008 |
140301c20061128xo dr|p|||||||000 b|slo |
| 015 |
|
|
|a SNBRB2007/02
|2 snkbucl
|
| 038 |
|
|
|a SNKBUCL
|
| 040 |
|
|
|a SNKBUCL
|b slo
|c SNKBUCL
|e AACR2
|
| 041 |
0 |
|
|a slo
|
| 044 |
|
|
|a xo
|c SK
|
| 080 |
|
|
|a 336.712
|x (437.6)
|2 1997
|
| 100 |
1 |
|
|a Demeš, Matej
|4 ivr
|4 aut
|9 1043242
|
| 245 |
1 |
0 |
|a Ak je možnosť expanzie, musíme ju využiť
|b bankovníctvo je predovšetkým o ľuďoch. Treba nájsť tých správnych a udržať si ich
|c Matej Demeš, Rainer Franz
|
| 300 |
|
|
|b Fotogr.
|
| 610 |
2 |
7 |
|a Tatra banka (Slovensko)
|2 snkbucl
|9 28711
|
| 650 |
0 |
7 |
|a bankovníctvo
|2 snkbucl
|9 2101
|
| 700 |
1 |
|
|a Franz, Rainer
|4 ive
|9 846688
|
| 773 |
0 |
|
|t Hospodárske noviny
|g Roč. XIV., č. 226 (28.11.2006)
|x 1335-4701
|
| 773 |
0 |
8 |
|t Peniaze a investície
|g S. [25] a 27
|
| 852 |
|
|
|a SNK
|b KIS3GCP
|
| 958 |
|
|
|a SK
|
| 999 |
|
|
|c 1757547
|d 1759477
|